000 00233nam a2200097Ia 4500
001 939959
005 20250826215237.0
008 250824s9999 xx 000 0 und d
245 0 _aMETEORLAR
_cMELİSSA STEWART
260 _bBETA YAYINLARI
999 _c939959
_d939959